MARC

LEADER 00000nam0a2200000 4500
001 294969
005 20231102000747.0
020 |a RU  |b 84-4265 
035 |a (RuTPU)RU\TPU\book\320045 
090 |a 294969 
100 |a 20150519d1983 k y0rusy5003 ca 
101 0 |a rus 
102 |a RU 
105 |a a z 001zy 
200 1 |a Гидротехнические сооружения на шельфе  |f Н. Г. Храпатый, А. Т. Беккер, Е. А. Гнездилов 
210 |a Владивосток  |c Изд-во Дальневосточного ун-та  |d 1983 
215 |a 200 с.  |c ил. 
320 |a Библиогр.: с. 167-169 
606 |a Буровые платформы,морские  |2 stltpush  |3 (RuTPU)RU\TPU\subj\30601  |9 53688 
610 1 |a шельфы 
610 1 |a ресурсы 
610 1 |a освоение 
610 1 |a нефть 
610 1 |a газ 
610 1 |a добыча 
610 1 |a месторождения 
610 1 |a гидротехнические сооружения 
610 1 |a проектирование 
610 1 |a конструкции 
610 1 |a расчет 
610 1 |a характеристики 
675 |a 622.242.4  |v 3 
700 1 |a Храпатый  |b Н. Г.  |g Николай Григорьевич 
701 1 |a Беккер  |b А. Т.  |g Александр Тевьевич 
701 1 |a Гнездилов  |b Е. А.  |g Евгений Алексеевич 
801 0 |a RU  |b RuMRKP  |c 19950704  |g psbo 
801 1 |a RU  |b 63413507  |c 20150519 
801 2 |a RU  |b 63413507  |c 20180504  |g RCR 
942 |c BK